| 000 | 01044cam a2200265 a 4500 | ||
|---|---|---|---|
| 001 | 000019143 | ||
| 005 | 20200929165932.0 | ||
| 008 | 980831s1966 sp a 000 f spa d | ||
| 040 |
_aDO-SdBNP _bspa _cDLC _dBNPHU |
||
| 082 |
_a928 _bP226c |
||
| 100 | 1 |
_aPardo Bazán, Emilia, _d1851-1921. _941191 |
|
| 245 | 1 | 3 |
_aLa cuestión palpitante / _cEmilia Pardo Bazán ; edición, introducción y notas de Carmen Bravo-Villasante. |
| 260 |
_aMadrid, España : _bEdiciones Anaya, _c1966. |
||
| 300 |
_a183 p. : _bil. ; _c17 cm. |
||
| 490 | 1 |
_aBiblioteca anaya _atextos españoles _v74 |
|
| 504 | _aIncluye referencias bibliográficas (p. 23-24). | ||
| 600 | 1 | 4 |
_aPARDO BARZA, EMILIA _d1851-1921 _941192 |
| 650 | 4 |
_aNaturalismo en la literatura española _941193 |
|
| 650 | 4 |
_aLiteratura española _xHistoria y crítica _93904 |
|
| 650 | 4 |
_aEnsayos españoles _ySIGLO XIX _941194 |
|
| 700 | 1 |
_aBravo-Villasante, Carmen _eed. _97773 |
|
| 830 | 0 |
_aBiblioteca anaya ; _ptextos españoles _v74 _941195 |
|
| 910 | _aCatalogación derivada / LC | ||
| 049 | _aBNGR | ||
| 999 |
_c18661 _d18661 |
||